Palomita blanca

সংরক্ষণ করুন:
গ্রন্থ-পঞ্জীর বিবরন
প্রধান লেখক: Lafourcade Valdenegro, Enrique (autor)
বিন্যাস: গ্রন্থ
ভাষা:স্প্যানিশ
প্রকাশিত: Santiago Zig-Zag 1996
সংস্করন:31a. ed
মালা:Colección Viento jóven
বিষয়গুলি:
ট্যাগগুলো: ট্যাগ যুক্ত করুন
কোনো ট্যাগ নেই, প্রথমজন হিসাবে ট্যাগ করুন!

MARC

LEADER 00000nam a2200000 a 4500
001 UCH6801
003 CL-VaPUC
008 091109e19960000CL |||||||||||||||||spa|d
020 |a 9561208342 
082 0 4 |a Ch863  |b LAF  |2 21 
100 |a Lafourcade Valdenegro, Enrique  |e autor  |9 543407 
245 1 0 |a Palomita blanca 
250 |a 31a. ed 
300 |a 159 p 
942 |c BK 
945 |d 20091109 00:00:00  |a lazolas 
260 |a Santiago  |b Zig-Zag  |c 1996 
650 0 |a Literatura chilena   |9 308278 
650 0 |a Novelas chilenas   |9 265425 
583 |a last modification  |c 20091109 00:00:00  |k Rodrigo Vera 
490 0 |a Colección Viento jóven 
999 |c 337625  |d 337623